Most career games and goals at AFL venues used in 2022s - Statistics

General Stats
  • This quiz has been taken 27 times
    24 since last reset
  • The average score is 14 of 37
Answer Stats
Venue Answer Games Goals % Correct
MCG Scott Pendlebury 224
90%
Bellerive Oval Ben Brown 37
70%
Gabba Jonathan Brown 323
70%
SCG Tony Lockett 295
70%
Sydney Showgrounds (Giants Stadium) Jeremy Cameron 164
60%
Manuka Oval Jeremy Cameron 55
60%
Docklands Nick Riewoldt 184
60%
Docklands Nick Riewoldt 452
60%
Perth Stadium Josh Kennedy 145
55%
Adelaide Oval Taylor Walker 204
55%
York Park Jarryd Roughead 102
50%
Gabba Simon Black 170
50%
Carrara (Metricon) Tom Lynch 139
50%
Cazaly's Stadium Tom Lynch 8
50%
SCG Adam Goodes 143
45%
Stadium Australia Adam Goodes 49
45%
MCG Matthew Richardson 464
45%
Sydney Showgrounds (Giants Stadium) Callan Ward 66
40%
Manuka Oval Callan Ward 28
40%
Kardinia Park Doug Wade 413
40%
Marrara Stadium (TIO) Brad Johnson 17
35%
Adelaide Oval Travis Boak 106
35%
Kardinia Park Ian Nankervis 138
25%
Eureka Stadium Aaron Naughton 12
20%
Stadium Australia Barry Hall 87
20%
Carrara (Metricon) Jarrod Harbrow 88
20%
Cazaly's Stadium Jarrod Harbrow 8
20%
York Park Shaun Burgoyne 48
20%
Bellerive Oval Todd Goldstein 29
15%
Eureka Stadium Jack Macrae 9
10%
Traeger Park Jack Viney 8
10%
Traeger Park Jesse Hogan 10
10%
Perth Stadium Jack Darling 56
5%
Eureka Stadium Josh Dunkley 9
5%
Marrara Stadium (TIO) Danyle Pearce 10
0%
Marrara Stadium (TIO) Kane Cornes 10
0%
Cazaly's Stadium Liam Picken 8
0%
No matching quizzes found
Score Distribution
Percent of People with Each Score
Percentile by Number Answered
Your Score History
You have not taken this quiz since the last reset